Second of the Second Quiz Stats

 Plays Quiz not verified by Sporcle

Support Sporcle.
Go Orange.
Score 0/6 Timer 02:00
0 Plays Today
Continent City % Correct
AsiaDelhi (12,565,901)
90.5%
North AmericaGuadalajara (1,797,600)
81%
EuropeHamburg (1,743,627)
68.1%
South AmericaMedellín (2,214,494)
51.7%
OceaniaLae (120,000)
21.6%
AfricaDire Dawa (254,500)
19.8%

You're not logged in!

Compare scores with friends on all Sporcle quizzes.
OR
Log In
Remove Ads.
Support Sporcle.
Get the best of Sporcle when you Go Orange. This ad-free experience offers more features, more stats, and more fun while also helping to support Sporcle. Thank you for becoming a member.

Show Comments

Extras

Top Quizzes Today


Score Distribution

Your Account Isn't Verified!

In order to create a playlist on Sporcle, you need to verify the email address you used during registration. Go to your Sporcle Settings to finish the process.

Report this User

Report this user for behavior that violates our Community Guidelines.

Details: